[Event "KS Sommerskak op"]
[Site "Copenhagen"]
[Date "1997.??.??"]
[Round "?"]
[White "Jorgensen, Michael"]
[Black "Carlsson, Daniel"]
[Result "0-1"]
[WhiteElo "2275"]
[BlackElo "2240"]

1.d4 Nf6 2.c4 g6 3.Nc3 Bg7 4.e4 O-O 5.Nf3 d6 6.Be2 e5 7.O-O exd4 8.Nxd4 Re8
9.f3 c6 10.Kh1 Nbd7 11.Nc2 Qe7 12.Be3 Ne5 13.Qd2 Be6 14.b3 Red8 15.Nd4 d5
16.exd5 cxd5 17.c5 Nc6 18.Bb5 Rac8 19.Na4 Nh5 20.Bxc6 bxc6 21.Bg5 Bf6 22.Bxf6 Qxf6
23.Rae1 Re8 24.Nc3 Bd7 25.b4 Qh4 26.Kg1 Qf4 27.Qxf4 Nxf4 28.Rxe8+ Rxe8 29.g3 Re3
30.gxf4 Rxc3 31.Rd1 Kg7 32.Kf2 Kf6 33.Rd2 h5 34.Ke2 h4 35.Rb2 a6 36.Rb3 Rc4
37.Ke3 h3 38.a4 Rc1 39.Kd3 Bf5+ 40.Ke3 Bd7 41.Rb2 Rc3+ 42.Kd2 Rc4 43.Ke3 Ke7
44.a5 Rc1 45.Kd2 Ra1 46.Ke3 Kd8 47.Kd3 Bf5+ 48.Kc3 Kd7 49.Rd2 Re1 50.Kb2 Rb1+
51.Kc3 f6 52.Nb3 Re1 53.Nd4 Re3+ 54.Kb2 Bd3 55.Rd1 Bc4 56.Rd2 Bf1 57.Rf2 Bg2
58.Re2 Rd3 59.Ne6 Bxf3 60.Nf8+ Kd8 61.Re6 Rd2+ 62.Ka3 Rxh2 63.b5 axb5 64.a6 b4+
65.Kb3 Bd1+ 66.Kxb4 Ra2 67.Re1 Bf3 68.Ne6+ Kc8 69.f5 g5 70.Nxg5 fxg5 71.f6 Bh5
72.Re3 g4 73.Re5 Bg6 74.Rg5 h2 75.Rxg6 h1=Q  0-1

[Event "KS Sommerskak op"]
[Site "Copenhagen"]
[Date "1997.??.??"]
[Round "?"]
[White "Olsen, Heini"]
[Black "Sylvan, Jacob"]
[Result "1/2-1/2"]
[WhiteElo "2300"]
[BlackElo "2245"]

1.Nf3 Nf6 2.c4 d6 3.d4 g6 4.Nc3 Bg7 5.e4 O-O 6.Be2 e5 7.d5 a5 8.Bg5 Na6 9.O-O h6
10.Bh4 Qe8 11.Nd2 Bd7 12.Kh1 Nh7 13.a3 h5 14.f3 Bh6 15.b3 Be3 16.Ra2 f5 17.exf5 gxf5
18.Qb1 Qg6 19.b4 axb4 20.axb4 Kh8 21.Nd1 Bb6 22.Re1 Rg8  1/2-1/2

[Event "KS Sommerskak op"]
[Site "Copenhagen"]
[Date "1997.??.??"]
[Round "?"]
[White "Petersen, Steen"]
[Black "Bekker Jensen, David"]
[Result "1-0"]
[WhiteElo "2140"]
[BlackElo "2140"]

1.d4 Nf6 2.c4 g6 3.Nc3 Bg7 4.e4 d6 5.Nf3 O-O 6.Be2 e5 7.O-O Na6 8.Be3 Ng4
9.Bg5 Qe8 10.dxe5 dxe5 11.h3 h6 12.Bc1 Nf6 13.Be3 Nh5 14.c5 Nf4 15.Bxa6 bxa6
16.Nd5 Nxd5 17.Qxd5 Rb8 18.Qd2 Kh7 19.Qc3 Qa4 20.Nd2 Qb4 21.Qxb4 Rxb4 22.b3 Rd8
23.Rfd1 h5 24.Nf3 Re8 25.Bd2 Rb5 26.b4 Bh6 27.Bc3 f6 28.Rab1 Be6 29.a3 Rbb8
30.Rd3 Kg8 31.Bd2 Bxd2 32.Nxd2 Red8 33.Rxd8+ Rxd8 34.Rb2 Rd3 35.a4 Ra3 36.a5 Ra1+
37.Kh2 Kf7 38.h4 Ke7 39.Kg3 Kd7 40.f4 exf4+ 41.Kxf4 Kc6 42.Nf3 Rd1 43.Ke3 Bc4
44.e5 fxe5 45.Nxe5+ Kd5 46.Nxg6 Re1+ 47.Kf4 Rf1+ 48.Kg5 Kd4 49.Rd2+ Kc3 50.Rd7 Be6
51.Rxc7 Rf5+ 52.Kh6 Kxb4 53.c6 Kxa5 54.Re7 Rf6 55.Kg7 Rf7+ 56.Rxf7 Bxf7 57.Kxf7 Kb6
58.Ne5 a5 59.Ke6 a4 60.Kd7 a3  1-0

[Event "Corsico op"]
[Site "Corsico"]
[Date "1997.??.??"]
[Round "4"]
[White "Sbarra, Marco"]
[Black "Cazzaniga, Walter"]
[Result "1-0"]
[WhiteElo "2285"]
[BlackElo "2205"]

1.d4 Nf6 2.c4 g6 3.Nc3 Bg7 4.e4 d6 5.Nf3 O-O 6.Be2 e5 7.d5 a5 8.Bg5 h6 9.Bh4 Na6
10.Nd2 Qe8 11.O-O Nh7 12.f3 f5 13.a3 Bd7 14.b3 g5 15.Bf2 Qg6 16.exf5 Bxf5
17.g4 Bc2 18.Qc1 Bd3 19.Qe1 e4 20.Ndxe4 Bxe4 21.Nxe4 Bxa1 22.Qxa1 Rae8 23.Qc3 Nf6
24.Ng3 Nc5 25.Bxc5 dxc5 26.Bd3 Qg7 27.Nf5 Qh8 28.Qxa5 b6 29.Qd2 Nd7 30.Be4 Qf6
31.d6 cxd6 32.Qxd6 Qxd6 33.Nxd6 Rd8 34.Bd5+ Kg7 35.Re1 Nf6 36.Re7+ Kg6 37.Bf7+ Rxf7
38.Nxf7 Rd1+ 39.Kf2 h5 40.Ne5+ Kh6 41.Re6 Kg7 42.gxh5 Rd2+ 43.Ke3  1-0

[Event "Costa Rica-ch"]
[Site "Costa Rica"]
[Date "1997.??.??"]
[Round "8"]
[White "Rodriguez, Adrian"]
[Black "Minero, Boris P"]
[Result "1/2-1/2"]
[WhiteElo "2105"]
[BlackElo "2100"]

1.d4 Nf6 2.c4 g6 3.Nc3 Bg7 4.e4 d6 5.Nf3 O-O 6.Be2 Nbd7 7.O-O e5 8.Re1 h6
9.Rb1 exd4 10.Nxd4 Nc5 11.f3 a5 12.Be3 Ne6 13.Ndb5 Ne8 14.Qd2 g5 15.Rbd1 b6
16.Bf1 Be5 17.Ne2 Bd7 18.Nbd4 N8g7 19.Nf5 Qf6 20.Nfd4 Rae8 21.Kh1 Qg6 22.Nc3 f5
23.Nxf5 Nxf5 24.exf5 Qxf5 25.Bd3 Qf7 26.Be4 Qh5 27.Bg1 Nf4 28.Nd5 Nxd5 29.Bxd5+ Kh8
30.g4 Qg6  1/2-1/2

[Event "Cseppko op"]
[Site "Cseppko"]
[Date "1997.??.??"]
[Round "2"]
[White "Krutti, Valer"]
[Black "Bognar, Csaba"]
[Result "1-0"]
[WhiteElo "2280"]
[BlackElo "2135"]

1.Nf3 Nf6 2.c4 g6 3.Nc3 Bg7 4.e4 d6 5.d4 O-O 6.Be2 Nbd7 7.O-O e5 8.Be3 c6
9.d5 c5 10.Ne1 Ne8 11.g4 f5 12.exf5 gxf5 13.gxf5 Nb6 14.Kh1 Bxf5 15.Nf3 Kh8
16.Rg1 Qe7 17.Rg3 Bf6 18.Qd2 Ng7 19.Ng5 Bg6 20.Rag1 Nf5 21.Rh3 Nxe3 22.Qxe3 Bxg5
23.Rxg5 Rg8 24.f4 Bc2 25.Rh6 Rxg5 26.fxg5 Rg8 27.h4 Bg6 28.b3 Nd7 29.Bg4 Rf8
30.Be6 Bf5 31.Ne4 Bg6 32.h5 Bf5  1-0

[Event "Cseppko op"]
[Site "Cseppko"]
[Date "1997.??.??"]
[Round "6"]
[White "Pasztor, Ferenc"]
[Black "Bognar, Csaba"]
[Result "1/2-1/2"]
[WhiteElo "2240"]
[BlackElo "2135"]

1.d4 Nf6 2.Nf3 g6 3.c4 Bg7 4.Nc3 d6 5.e4 O-O 6.Be2 Nbd7 7.O-O e5 8.dxe5 dxe5
9.b4 Qe7 10.Rb1 c6 11.Qc2 Nh5 12.c5 Nf4 13.Bc4 Nf6 14.Ne2 N6h5 15.Ng3 Be6
16.Bb2 f6 17.Rbd1 Rfd8 18.Qb3 Bxc4 19.Qxc4+ Kh8 20.Nxh5 Nxh5 21.g3 Bf8 22.Nh4 a5
23.a3 axb4 24.axb4 Rxd1 25.Rxd1 Rd8 26.Rd3 Ng7 27.f4 Rxd3 28.Qxd3 exf4 29.gxf4 f5
30.Qh3 Qxe4 31.Nxg6+ Kg8 32.Qb3+ Ne6 33.Nxf8 Kxf8 34.Qc3 Nxf4 35.Qh8+ Ke7
36.Qxh7+ Ke8 37.Qg8+ Kd7 38.Qf7+ Kc8 39.Qf8+ Kc7 40.Qg7+ Kc8 41.Qf8+ Kd7
42.Qf7+ Kc8  1/2-1/2

[Event "Cseppko op"]
[Site "Cseppko"]
[Date "1997.??.??"]
[Round "7"]
[White "Kerek, Csaba"]
[Black "Benedek, Zoltan"]
[Result "1-0"]
[WhiteElo "2200"]
[BlackElo "2140"]

1.d4 Nf6 2.c4 g6 3.Nc3 Bg7 4.e4 d6 5.Nf3 O-O 6.Be2 e5 7.dxe5 dxe5 8.Qxd8 Rxd8
9.Bg5 c6 10.Nxe5 Re8 11.Rd1 Nxe4 12.Nxe4 Bxe5 13.Nf6+ Bxf6 14.Bxf6 Be6 15.O-O Nd7
16.Bc3 f5 17.b3 Kf7 18.Rd2 Nf6 19.f3 Rad8 20.Rfd1 Rxd2 21.Rxd2 Re7 22.Kf2 Rd7
23.Rxd7+ Bxd7 24.Ke3 c5 25.Kf4 Bc6 26.h4 h6 27.Bd3 Ke6 28.Bb2 Nh5+ 29.Ke3 f4+
30.Kf2 Be8 31.Be4 b6 32.Bd5+ Kf5 33.Bb7 Bf7 34.Be4+ Ke6 35.Bd5+ Ke7 36.Bxf7 Kxf7
37.Be5 Ke6 38.Bb8 a6 39.Ba7 b5 40.cxb5 axb5 41.Bxc5 Nf6 42.a4 bxa4 43.bxa4 Nd7
44.Bd4 Kd5 45.Bg7 h5 46.a5 Kc6 47.Ke2 Nc5 48.Bc3 Kb5 49.Bd2 Ka6 50.Bb4 Nb3
51.Kd3 Kb5 52.Be1 Nc1+ 53.Kc2 Ne2 54.Bf2 Kxa5 55.Kd2 Ng3 56.Bxg3  1-0

[Event "Matanzas op"]
[Site "Cuba"]
[Date "1997.??.??"]
[Round "4"]
[White "Almeida, Omar"]
[Black "Gonzalez, Yuri"]
[Result "1/2-1/2"]
[WhiteElo "2320"]
[BlackElo "2295"]

1.d4 Nf6 2.c4 g6 3.Nc3 Bg7 4.e4 d6 5.Be2 O-O 6.Nf3 e5 7.d5 a5 8.Bg5 h6 9.Bh4 Na6
10.Nd2 h5 11.h3 Qd7 12.f3 Nh7 13.g4 Bf6 14.Bxf6 Nxf6 15.Nf1 Qe7 16.Qd2 h4
17.Qg5 Nxd5 18.Qxe7 Nxe7 19.Ne3 Be6 20.O-O-O Rad8 21.Ncd5 Bxd5 22.cxd5 Nc5
23.g5 Kg7 24.Rhg1 c6 25.Rg4 cxd5 26.exd5 Rh8 27.Nc4 Nf5 28.Kd2 a4 29.Rc1 Nd4
30.Bd1 f5 31.gxf6+ Kxf6 32.Nxd6 Rxd6 33.Rxc5 b6 34.Rc7 Rxd5 35.Ke1 g5 36.Bxa4 Nxf3+
37.Kf2 Nd4 38.Rb7 Rd6 39.Bd1 Rf8 40.Ke1 Ne6 41.Rb4 Rfd8 42.Bg4 Nc5 43.R4xb6 Nxb7
44.Rxb7 Ra8 45.a3 Ra4 46.Kf2 Re4 47.b4 Rd2+ 48.Kf3 Rf4+ 49.Ke3 Ra2 50.Ra7 Rxb4
51.Ra6+ Kg7 52.Ra7+ Kf8 53.Ra8+ Ke7 54.Ra7+  1/2-1/2

[Event "Matanzas op"]
[Site "Cuba"]
[Date "1997.??.??"]
[Round "7"]
[White "Miguez, Daglay"]
[Black "Bosch, Jaqueline"]
[Result "1-0"]
[WhiteElo "2055"]
[BlackElo "2020"]

1.d4 Nf6 2.Nf3 g6 3.c4 d6 4.Nc3 Bg7 5.e4 O-O 6.Be2 Nbd7 7.O-O e5 8.Be3 h6
9.Ne1 Re8 10.d5 Nf8 11.Qd2 Kh7 12.f3 g5 13.Nd3 Ng6 14.g3 Qe7 15.Nf2 Ng8 16.Bd3 Rf8
17.Rac1 f5 18.exf5 Bxf5 19.Be4 Qd7 20.Kg2 Nf6 21.Bxf5 Qxf5 22.Qc2 Nd7 23.Qxf5 Rxf5
24.Nfe4 a6 25.b4 Bf8 26.c5 Be7 27.cxd6 Bxd6 28.Nxd6 cxd6 29.Ne4 Ne7 30.Rc7 Rd8
31.Rd1 Nc8 32.Rxb7 Kg6 33.Bg1 Rf7 34.Rc1 Nf6 35.Rxf7 Kxf7 36.Rxc8  1-0

[Event "CZE-chT2 9697"]
[Site "CZE"]
[Date "1997.??.??"]
[Round "?"]
[White "Pilar, Miloslav"]
[Black "Gregor, Jiri"]
[Result "1/2-1/2"]
[WhiteElo "2275"]
[BlackElo "2265"]

1.d4 Nf6 2.c4 g6 3.Nc3 Bg7 4.e4 d6 5.Nf3 O-O 6.Be2 e5 7.O-O Qe8 8.d5 Nh5
9.Ne1 Nf4 10.Nd3 Nxe2+ 11.Qxe2 f5 12.f3  1/2-1/2

[Event "CZE-chT2 9697"]
[Site "CZE"]
[Date "1997.??.??"]
[Round "?"]
[White "Fiedler, Bedrich"]
[Black "Boukal, Petr"]
[Result "0-1"]
[WhiteElo "2195"]
[BlackElo "2255"]

1.Nf3 Nf6 2.d4 g6 3.c4 Bg7 4.Nc3 O-O 5.e4 d6 6.Be2 e5 7.d5 a5 8.Bg5 Na6 9.Nd2 Nc5
10.Rb1 Bd7 11.b3 Qe7 12.f3 Rfc8 13.g4 Qf8 14.Nf1 Ne8 15.Qd2 f5 16.gxf5 gxf5
17.Rg1 Kh8 18.Ng3 f4 19.Nh1 Bf6 20.Bf1 Bxg5 21.Rxg5 Qh6 22.Rg2 Nf6 23.Rb2 Bh3
24.Rf2 Rg8 25.Bxh3 Qxh3 26.Ne2 Rg2 27.Kd1 Rxf2 28.Nxf2 Qxf3 29.Ke1  0-1

[Event "CZE-chT2 9697"]
[Site "CZE"]
[Date "1997.??.??"]
[Round "?"]
[White "Tupy, Martin"]
[Black "Vrbata, Zbynek"]
[Result "1-0"]
[WhiteElo "2215"]
[BlackElo "2370"]

1.d4 Nf6 2.c4 g6 3.Nc3 Bg7 4.e4 d6 5.Nf3 O-O 6.Be2 Nbd7 7.O-O e5 8.Be3 c6
9.d5 c5 10.Nd2 Ne8 11.Rb1 f5 12.f3 f4 13.Bf2 g5 14.g4 fxg3 15.hxg3 Ndf6 16.Kg2 Qd7
17.Rh1 Qf7 18.Be3 Qg6 19.Qg1 Nh5 20.Qh2 Nef6 21.Rbf1 Bd7 22.Rf2 g4 23.f4 exf4
24.Bxf4 Bh6 25.Bxh6 Qxh6 26.e5 dxe5 27.Rxf6 Qxf6 28.Nde4 Qg7 29.Qxh5 b6 30.Rh4 Bf5
31.Bxg4 Bg6 32.Qh6 Qxh6 33.Rxh6 Kg7 34.Rh1 Rad8 35.Ng5  1-0

[Event "MSS-ch"]
[Site "CZE"]
[Date "1997.??.??"]
[Round "?"]
[White "Polak, Tomas"]
[Black "Klima, Lukas"]
[Result "1-0"]
[WhiteElo "2450"]
[BlackElo "2235"]

1.d4 Nf6 2.c4 g6 3.Nc3 Bg7 4.e4 d6 5.Be2 O-O 6.Nf3 e5 7.d5 a5 8.Bg5 h6 9.Bh4 Na6
10.Nd2 Nc5 11.O-O Bd7 12.Kh1 Qe8 13.b3 Nh7 14.f3 Bf6 15.Bf2 Bg5 16.Rb1 f5
17.a3 Nf6 18.Qc2 fxe4 19.Ndxe4 Ncxe4 20.fxe4 Ng4 21.Bxg4 Bxg4 22.c5 Qe7 23.c6 b6
24.h3 Bc8 25.b4 Bf4 26.b5 h5 27.Ne2 h4 28.Nxf4 Rxf4 29.Be3 g5 30.Rf2 Qf6
31.a4 Kg7 32.Rbf1 Qg6 33.Bxf4 gxf4 34.Rxf4 exf4 35.Rxf4 Qg3 36.Rf3 Qe5 37.Qc1 Bxh3
38.Rxh3 Rh8 39.Qe1 Qf6 40.Rf3 Qe5 41.Rf5 Qd4 42.Qf1 Re8 43.Qf3  1-0

[Event "CZE-chT1c 9697"]
[Site "CZE"]
[Date "1997.??.??"]
[Round "?"]
[White "Kratochvil, Milos"]
[Black "Illetsko, Jaroslav"]
[Result "1-0"]
[WhiteElo "2070"]
[BlackElo "2240"]

1.d4 Nf6 2.c4 g6 3.Nc3 Bg7 4.e4 d6 5.Be2 O-O 6.Nf3 e5 7.d5 a5 8.Bg5 h6 9.Bh4 Na6
10.Nd2 Qe8 11.O-O Bd7 12.Rb1 g5 13.Bg3 Nc5 14.b3 c6 15.a3 cxd5 16.cxd5 b5
17.b4 axb4 18.axb4 Na4 19.Qb3 Nxc3 20.Qxc3 Qb8 21.Rfc1 Rc8 22.Qb2 Qb6 23.Rxc8+ Rxc8
24.Rc1 Rxc1+ 25.Qxc1 Qd4 26.Qc2 Qxb4 27.Kf1 h5 28.f3 h4 29.Be1 h3 30.g4 Qc5
31.Qa2 Bxg4 32.fxg4 Qe3 33.Qb3 Qf4+ 34.Qf3 Qxh2 35.Bg3  1-0

[Event "MSS-ch"]
[Site "CZE"]
[Date "1997.??.??"]
[Round "?"]
[White "Polak, Tomas"]
[Black "Safranska, Anda"]
[Result "1-0"]
[WhiteElo "2450"]
[BlackElo "2305"]

1.d4 Nf6 2.Nf3 g6 3.c4 Bg7 4.Nc3 O-O 5.e4 d6 6.Be2 e5 7.d5 Nbd7 8.Bg5 h6
9.Bh4 g5 10.Bg3 Nh5 11.h4 g4 12.Nh2 f5 13.exf5 Nc5 14.Bxg4 Nxg3 15.fxg3 Bxf5
16.O-O Bd3 17.Rxf8+ Qxf8 18.b4 e4 19.Rc1 Bd4+ 20.Kh1 Qg7 21.Nb5 Na6 22.Be6+ Kh8
23.Nxd4 Qxd4 24.Qh5 Qe3 25.Rg1 Rf8 26.Ng4 Be2 27.Nxe3 Bxh5 28.g4 Bg6 29.a3 c6
30.h5 Bh7 31.Nf5 Nc7 32.Nxd6 Rf6 33.Nxb7 Nxe6 34.dxe6 Rxe6 35.Re1 e3 36.Nd8 Re8
37.Nxc6 Bd3 38.c5 e2 39.Nd4 Re4 40.Nf3 Bb5 41.Kg1 Rxg4 42.Kf2 a5 43.bxa5 Ra4
44.Rb1 Bc6 45.Kxe2 Rxa3 46.Rd1 Rxa5 47.Rd6 Rxc5 48.Rxh6+ Kg7 49.Rg6+ Kh8
50.g4 Be8 51.Rg5 Rxg5 52.Nxg5 Kg7 53.Nh3 Kh6 54.Nf4 Bd7 55.Kf3 Kg5 56.Nh3+ Kh4
57.h6  1-0

[Event "CZE-chT1a 9697"]
[Site "CZE"]
[Date "1997.??.??"]
[Round "?"]
[White "Miskovsky, Pavel"]
[Black "Hadraba, Vladimir"]
[Result "0-1"]
[WhiteElo "2210"]
[BlackElo "2265"]

1.c4 g6 2.Nc3 Bg7 3.d4 Nf6 4.e4 d6 5.Nf3 O-O 6.Be2 Nbd7 7.O-O e5 8.Re1 c6
9.Bf1 a5 10.Rb1 exd4 11.Nxd4 Nc5 12.Bg5 h6 13.Bf4 Re8 14.f3 Nh5 15.Be3 Be5
16.g3 g5 17.Nf5 Bxf5 18.exf5 Ng7 19.Qc2 Qf6 20.g4 Bd4 21.Bxd4 Qxd4+ 22.Qf2 Qf6
23.Rbd1 Rxe1 24.Qxe1 Ne8 25.b3 Kf8 26.Ne4 Qe5 27.Nxc5 Qxc5+ 28.Qf2 Qxf2+
29.Kxf2 Ke7 30.h4 Nf6 31.Bd3 d5 32.cxd5 cxd5 33.Bb5 Rc8 34.Rd2 Kd6 35.hxg5 hxg5
36.Kg3 Rc3 37.Rd3 Rxd3 38.Bxd3 Ke5 39.Bb5 Ng8 40.Be8 f6 41.a3 Ne7 42.b4 axb4
43.axb4 Nc8 44.Bd7 Nd6 45.Ba4 Nc4 46.Bb5 Nd2 47.Bd7 Nb1 48.Bc8 b6 49.Bb7 Nc3
50.Bc8 Na2 51.f4+ gxf4+ 52.Kh4 f3 53.Kg3 Nxb4 54.Kxf3 Nc6 55.Ke3 Ne7 56.Bd7 Ng8
57.Kf3 Ne7 58.Be8 d4 59.Bd7 Nd5 60.Bc6 Nc3 61.Bd7 b5 62.Be6 b4 63.Bb3 Ne4
64.Bc2 Nc5  0-1

[Event "CZE-chT2 9697"]
[Site "CZE"]
[Date "1997.??.??"]
[Round "?"]
[White "Civin, Tomas"]
[Black "Jedlicka, Ales"]
[Result "1-0"]
[WhiteElo "2235"]
[BlackElo "2160"]

1.d4 Nf6 2.c4 g6 3.Nc3 Bg7 4.Nf3 O-O 5.e4 d6 6.Be2 e5 7.O-O c6 8.Re1 exd4
9.Nxd4 Re8 10.Bf1 Ng4 11.h3 Qb6 12.hxg4 Qxd4 13.Qf3 Nd7 14.Be3 Qe5 15.Rad1 Qe7
16.g5 Ne5 17.Qg3 Be6 18.Bd4 c5 19.Be3 Nxc4 20.Bxc4 Bxc4 21.Bf4 Be5 22.b3 Be6
23.Bxe5 dxe5 24.Qxe5 c4 25.bxc4 Bxc4 26.Qg3 Rad8 27.Rxd8 Qxd8 28.e5 Qd2 29.Rd1 Qc2
30.Rd4 Rc8 31.Ne4 Qc1+ 32.Kh2 h6 33.Qh4  1-0

[Event "MSS-ch"]
[Site "CZE"]
[Date "1997.??.??"]
[Round "?"]
[White "Polak, Tomas"]
[Black "Strasil, Pavel"]
[Result "1/2-1/2"]
[WhiteElo "2450"]
[BlackElo "2120"]

1.d4 d6 2.Nf3 Nf6 3.c4 g6 4.Nc3 Bg7 5.e4 O-O 6.Be2 e5 7.d5 Nbd7 8.Bg5 h6
9.Bh4 a5 10.Nd2 g5 11.Bg3 Nxe4 12.Ndxe4 f5 13.f3 fxe4 14.fxe4 Nf6 15.Qc2 b6
16.Nd1 Qe8 17.Ne3 Nh5 18.Bg4 Bxg4 19.Nxg4 Qg6 20.O-O-O Bf6 21.Rdf1 Rf7 22.Be1 Raf8
23.Rf3 Bd8 24.Rhf1 Nf6 25.Nxf6+ Rxf6 26.Rf5 Rxf5 27.exf5 Qh5 28.g3 Qg4 29.Rf2 Bf6
30.Qe2 Qxe2 31.Rxe2 g4 32.Rf2 Bg5+ 33.Kd1 h5 34.Rf1 Kf7 35.Ke2 Kf6 36.Kd3 Rh8
37.Ke4 h4 38.gxh4 Bxh4 39.Bd2 Rh5 40.b3 Bg5 41.Bxg5+ Rxg5 42.Rg1 Rxf5 43.Rxg4 Rf2
44.Rh4 Rxa2 45.Rh7 Rb2 46.Rxc7 Rxb3 47.Rd7 a4 48.Rxd6+ Ke7 49.Rh6 a3 50.Kxe5 Re3+
51.Kd4 a2 52.Rh7+ Kd6 53.Ra7 Re2 54.Ra6 Kc7 55.h4 Rh2 56.Kc3 Kb7 57.Ra4 Rxh4
58.Rxa2 b5 59.cxb5 Kb6 60.Rb2 Kc5 61.Rb1 Rh3+ 62.Kd2 Kxd5 63.b6 Rh8 64.b7  1/2-1/2

[Event "CZE-chT1a 9697"]
[Site "CZE"]
[Date "1997.??.??"]
[Round "?"]
[White "Krnavek, Lubomir"]
[Black "Hallerova, Eva"]
[Result "1/2-1/2"]
[WhiteElo "2305"]
[BlackElo "2155"]

1.d4 Nf6 2.c4 g6 3.Nc3 Bg7 4.e4 d6 5.Nf3 O-O 6.Be2 e5 7.d5 a5 8.Bg5 h6 9.Bh4 Na6
10.Nd2 Qe8 11.f3 Nh5 12.O-O Nf4 13.b3 Kh8 14.a3 Bd7 15.Rb1 f5 16.b4 axb4
17.axb4 Rg8 18.Bf2 g5 19.c5 Bf6 20.cxd6 cxd6 21.Nc4 Qe7 22.Nb6 Nxe2+ 23.Qxe2 Raf8
24.Nxd7 Qxd7 25.exf5 Qxf5 26.Ne4 Be7 27.h3 Rf7 28.Bb6 h5 29.b5 Nc5 30.Bxc5 dxc5
31.Rbd1 Rh7 32.d6 Bd8 33.Rd5 g4 34.fxg4 Qe6 35.Nc3 hxg4 36.hxg4 Ba5 37.Rxe5 Qxd6
38.Nd5 Bd8 39.Rff5 Qh6 40.Rh5 Qc1+ 41.Kh2 Bg5 42.g3 Rxh5+ 43.gxh5 Bh4 44.Re3 Bxg3+
45.Rxg3 Rxg3 46.Qe8+ Rg8 47.Qe5+ Rg7 48.Qe8+ Rg8  1/2-1/2

[Event "CZE-chT1a 9697"]
[Site "CZE"]
[Date "1997.??.??"]
[Round "?"]
[White "Krnavek, Lubomir"]
[Black "Hadraba, Vladimir"]
[Result "1/2-1/2"]
[WhiteElo "2305"]
[BlackElo "2265"]

1.d4 Nf6 2.c4 g6 3.Nc3 Bg7 4.e4 d6 5.Nf3 O-O 6.Be2 e5 7.d5 a5 8.Bg5 h6 9.Bh4 Na6
10.Nd2 Qe8 11.O-O Nh7 12.a3 Bd7 13.b3 h5 14.f3 Bh6 15.Rb1 Be3+ 16.Bf2 Bc5
17.Qc1 f5 18.Bxc5 dxc5 19.exf5 gxf5 20.f4 e4 21.Nd1 h4 22.Qc3 b6 23.Ne3 Qg6
24.Kh1 Qf6 25.Qxf6 Nxf6 26.g3 hxg3 27.Rg1 Kf7 28.Rxg3 Rh8 29.Rg5 Rag8 30.Rf1 Nh7
31.Bh5+ Kf6 32.Rxg8 Rxg8 33.Rg1 Rxg1+ 34.Kxg1 a4 35.bxa4 Bxa4 36.Kf2 Bd7
37.Ndf1 Nf8 38.Ng3 Nb8 39.h4 Na6 40.Be2 Ng6 41.Ng2 Nb8 42.h5 Ne7 43.Ne3 Nc8
44.Ke1 Nd6 45.Kd2 Bc8 46.Kc3 Nd7 47.Bf1 Nf8 48.Bh3 Bd7 49.Bf1 Nh7 50.Bh3 Nf8
51.Bf1 Nh7 52.Bh3  1/2-1/2

[Event "CZE-chT2 9697"]
[Site "CZE"]
[Date "1997.??.??"]
[Round "?"]
[White "Fiedler, Bedrich"]
[Black "Gregor, Jiri"]
[Result "1-0"]
[WhiteElo "2195"]
[BlackElo "2265"]

1.d4 Nf6 2.Nf3 g6 3.c4 Bg7 4.Nc3 O-O 5.e4 d6 6.Be2 e5 7.d5 Nh5 8.g3 f5 9.exf5 Bxf5
10.Ng5 Nf6 11.Be3 h6 12.Ne6 Bxe6 13.dxe6 Nc6 14.Qd2 Kh7 15.O-O-O Re8 16.g4 Rxe6
17.g5 hxg5 18.h4 gxh4 19.Rxh4+ Kg8 20.Rdh1 Ne7 21.Bg5 c6 22.Qd3 d5 23.Qh3 Kf7
24.Bh6 Bxh6+ 25.Rxh6 Qg8 26.Bg4 Rd6 27.c5 Rad8 28.cxd6 Rxd6 29.Qg3 d4 30.Qxe5 dxc3
31.Qxd6 cxb2+ 32.Kb1  1-0

[Event "CZE-chT2 9697"]
[Site "CZE"]
[Date "1997.??.??"]
[Round "?"]
[White "Slezka, Vojtech"]
[Black "Tupy, Martin"]
[Result "1/2-1/2"]
[WhiteElo "2330"]
[BlackElo "2215"]

1.d4 Nf6 2.c4 g6 3.Nc3 Bg7 4.e4 d6 5.Nf3 O-O 6.Be2 e5 7.Be3 Ng4 8.Bg5 f6
9.Bc1 Nc6 10.d5 Ne7 11.Nd2 f5 12.Bxg4 fxg4 13.Nf1 Kh8 14.Be3 c5 15.Qd2 Rf7
16.Ng3 Ng8 17.a3 Qf8 18.Rb1 Bh6 19.Bxh6 Nxh6 20.Nf1 b6 21.Qe3 Bd7 22.Nd2 Rb8
23.O-O Rf4 24.b4 Nf7 25.bxc5 dxc5 26.Ne2 Rf6 27.f4 gxf3 28.Rxf3 Rxf3 29.Qxf3 Nd6
30.Qc3 Re8 31.Rf1 Qe7 32.Qe3 Kg7 33.Nc1 Bc8 34.Qc3 Bg4 35.h3 Bc8 36.Nd3 Qg5
37.Kh1 Qe3 38.Re1 Qd4 39.Qxd4 cxd4 40.Nf3 Nxc4 41.Rc1 b5 42.a4 a6 43.axb5 axb5
44.Rb1 Bd7 45.Nc5 Re7 46.Ne1 Be8 47.Ned3 Ra7 48.Rf1 Bf7 49.Rb1 Be8  1/2-1/2

[Event "Moravia-chT 9798"]
[Site "CZE"]
[Date "1997.??.??"]
[Round "1.1"]
[White "Obsivac, Josef"]
[Black "Piza, Vlastimil"]
[Result "1/2-1/2"]
[WhiteElo "2345"]
[BlackElo "2295"]

1.d4 Nf6 2.c4 g6 3.Nc3 Bg7 4.e4 d6 5.Be2 O-O 6.Nf3 e5 7.Be3 exd4 8.Nxd4 Re8
9.f3 Nc6 10.Nb3 a5 11.a3 Nd7 12.O-O a4 13.Nc1 Nc5 14.Nd3 Nb3 15.Rb1 Ncd4
16.Nc1 Bd7 17.Nxb3 Nxb3 18.Bd3 Nd4 19.Qd2 c5 20.Nd5 Bc6 21.Bg5 f6 22.Be3 Nb3
23.Qf2 f5 24.Kh1 Bxd5 25.cxd5 fxe4 26.Bxe4 Qf6 27.Qg3 c4 28.h4 Rf8 29.Rfe1 Rae8
30.Qh2 Qe5 31.Re2 Qxh2+ 32.Kxh2 Bd4 33.Bh6 Bg7 34.Be3 Bd4 35.Bh6 Bg7  1/2-1/2

[Event "CZE-chT2 9798"]
[Site "CZE"]
[Date "1997.??.??"]
[Round "2.5"]
[White "Pick, Stepan"]
[Black "Necada, Martin"]
[Result "1/2-1/2"]
[WhiteElo "2210"]
[BlackElo "2175"]

1.Nf3 Nf6 2.c4 g6 3.Nc3 Bg7 4.e4 d6 5.d4 O-O 6.Be2 Nbd7 7.O-O e5 8.Be3 Ng4
9.Bg5 f6 10.Bh4 Nh6 11.h3 c6 12.Qc2 Qe7 13.Rad1 g5 14.Bg3 f5 15.dxe5 Nxe5
16.Bxe5 dxe5 17.exf5 Nxf5 18.Ne4 h6 19.c5 Be6 20.Bc4 Rad8 21.Rfe1 Bd5 22.Qe2 Qf7
23.b3 Rfe8 24.Qc2 Rf8 25.Qe2 Rfe8 26.Qc2 Rf8  1/2-1/2

[Event "CZE-chT2 9798"]
[Site "CZE"]
[Date "1997.??.??"]
[Round "3.2"]
[White "Gregor, Jiri"]
[Black "Michalek, Jan"]
[Result "1-0"]
[WhiteElo "2245"]
[BlackElo "2285"]

1.d4 Nf6 2.c4 g6 3.Nc3 Bg7 4.e4 d6 5.Nf3 O-O 6.Be2 e5 7.O-O Nbd7 8.Re1 h6
9.Bf1 a5 10.b3 exd4 11.Nxd4 Re8 12.f3 Nc5 13.Be3 Nh7 14.Qd2 g5 15.Rad1 Bd7
16.Ndb5 Ne6 17.Nd5 Be5 18.Nbxc7 Nxc7 19.Bb6 Ra6 20.Bxc7 Qc8 21.c5 Be6 22.cxd6 Rxd6
23.Bxd6 Bxd6 24.Nf6+ Nxf6 25.Qxd6 Qc2 26.Rd2 Qc3 27.Qd4  1-0

[Event "CZE-chT 9697"]
[Site "CZE"]
[Date "1997.??.??"]
[Round "3"]
[White "Cvek, Robert"]
[Black "Voller, Jiri"]
[Result "1-0"]
[WhiteElo "2340"]
[BlackElo "2265"]

1.d4 Nf6 2.Nf3 g6 3.c4 Bg7 4.Nc3 O-O 5.e4 d6 6.Be2 e5 7.d5 Nbd7 8.Bg5 a5
9.Nd2 Nc5 10.b3 h6 11.Bh4 Bd7 12.O-O Qe8 13.a3 Nfxe4 14.Ncxe4 Nxe4 15.Nxe4 f5
16.Bd3 fxe4 17.Bc2 Bf5 18.Qe2 g5 19.Bg3 Qg6 20.Rae1 h5 21.h3 h4 22.Bh2 g4
23.Kh1 gxh3 24.gxh3 Bxh3 25.Rg1 Qf6 26.Bxe4 Bf5 27.f4 exf4 28.Qh5 Bxe4+ 29.Rxe4 f3
30.Reg4 f2 31.Rxg7+ Qxg7 32.Rxg7+ Kxg7 33.Qg4+ Kh8 34.Qxh4+ Kg7 35.Qg4+ Kh8
36.Qh3+ Kg7 37.Qg2+ Kh8 38.Bf4 Rxf4 39.Qh2+ Kg8 40.Qg3+  1-0

[Event "CZE-chT 9697"]
[Site "CZE"]
[Date "1997.??.??"]
[Round "4"]
[White "Stocek, Jiri"]
[Black "Rasik, Vitezslav"]
[Result "1/2-1/2"]
[WhiteElo "2450"]
[BlackElo "2455"]

1.d4 Nf6 2.c4 g6 3.Nc3 Bg7 4.e4 d6 5.Be2 O-O 6.Nf3 e5 7.O-O Nbd7 8.Re1 c6
9.d5 c5 10.Bg5 h6 11.Bh4 a6 12.Rb1 Qc7 13.Nd2 Nh7 14.a3 f5 15.exf5 gxf5 16.f3 Ng5
17.Qc2 Nf6 18.b4 b6 19.Kh1 Bd7 20.bxc5 bxc5 21.Rb3 Nh5 22.g3 Nf6 23.Reb1 Ra7
24.Bf1 Kh8 25.Rb6 e4 26.f4 Nf3 27.Nxf3 exf3 28.Qd3 Ne4 29.Nxe4 fxe4 30.Qxe4 Bf5
31.Qxf3 Bxb1 32.Rxb1 Re8 33.f5 Bd4 34.Qh5 Raa8 35.f6 Qh7 36.Rd1 Re5 37.Qf3 Qe4
38.Qxe4 Rxe4 39.Bh3 Rf8 40.Rf1 Rxh4 41.gxh4 Rxf6  1/2-1/2

[Event "CZE-chT 9697"]
[Site "CZE"]
[Date "1997.??.??"]
[Round "4"]
[White "Ftacnik, Lubomir"]
[Black "Movsesian, Sergei"]
[Result "1/2-1/2"]
[WhiteElo "2595"]
[BlackElo "2630"]

1.d4 Nf6 2.Nf3 g6 3.c4 Bg7 4.Nc3 O-O 5.e4 d6 6.Be2 e5 7.O-O Nbd7 8.Qc2 c6
9.Rd1 Qe7 10.d5 c5 11.g3 Ng4 12.Nh4 Nb6 13.f3 Nh6 14.a3 f5 15.b4 f4 16.bxc5 dxc5
17.Ng2 Nf7 18.a4 Bh3 19.a5 Nd7 20.Ra3 Nd6 21.Nb5 h5 22.Nxd6 Qxd6 23.Bf1 Nb8
24.gxf4 Bxg2 25.Bxg2  1/2-1/2

[Event "Moravia-chT 9798"]
[Site "CZE"]
[Date "1997.??.??"]
[Round "4.1"]
[White "Zpevak, Pavel"]
[Black "Karlik, Vladimir"]
[Result "1/2-1/2"]
[WhiteElo "2380"]
[BlackElo "2320"]

1.d4 g6 2.Nf3 Bg7 3.c4 Nf6 4.Nc3 O-O 5.e4 d6 6.Be2 e5 7.O-O Na6 8.Be3 Ng4
9.Bg5 Qe8 10.dxe5 dxe5 11.Ne1 h6 12.Bd2 Nf6 13.Be3 Nd7 14.Nc2 Nac5 15.b4 Ne6
16.c5 f5 17.f3 Nf6 18.exf5 gxf5 19.Bc4 Kh8 20.Qd2 Qg6 21.Rad1 Bd7 22.Nd5 Rad8
23.Ne7 Qh5 24.c6 Bxc6 25.Qc3 Bd7 26.Bxe6 Bxe6 27.Qxe5 Rxd1 28.Rxd1 Qf7 29.Bc5 Re8
30.Re1 Bxa2 31.Qxf5 Rd8 32.Ng6+ Kg8 33.Ne7+ Kh8  1/2-1/2

[Event "CZE-chT2 9798"]
[Site "CZE"]
[Date "1997.??.??"]
[Round "4.2"]
[White "Pilar, Miloslav"]
[Black "Reznicek, Tomas"]
[Result "1/2-1/2"]
[WhiteElo "2290"]
[BlackElo "2295"]

1.d4 Nf6 2.c4 g6 3.Nc3 Bg7 4.e4 d6 5.Be2 O-O 6.Nf3 Nbd7 7.O-O e5 8.d5 Nc5
9.Qc2 a5 10.Ne1 Ne8 11.Be3 f5 12.f3 Bf6 13.Kh1 Bg5 14.Bg1 Qe7 15.Nd3 Nxd3
16.Bxd3 Qg7 17.c5 Qh6 18.cxd6 cxd6 19.Na4 Nf6 20.Nb6 Nh5 21.Bf2 Bf4 22.h3 fxe4
23.Bxe4 Rb8 24.Qc7 Nf6 25.Nxc8 Rbxc8 26.Qxd6 Qg5 27.h4 Qh6 28.g3 Be3 29.Qe6+ Kg7
30.Qxe5 Rfe8 31.Bxe3 Qxe3 32.Qf4 Qxf4 33.gxf4 Nxe4 34.fxe4 Rxe4 35.Rad1 Rc2
36.d6 Ree2 37.Rf3 Rh2+ 38.Kg1 Rhg2+ 39.Kf1 Rh2 40.Kg1 Rhg2+ 41.Kf1 Rh2 42.Rg3 Rh1+
43.Rg1 Rhh2 44.Rg3 Rh1+ 45.Rg1  1/2-1/2